<?xml version="1.0" encoding="UTF-8"?>
<record
    xmlns:xsi="http://www.w3.org/2001/XMLSchema-instance"
    xsi:schemaLocation="http://www.loc.gov/MARC21/slim http://www.loc.gov/standards/marcxml/schema/MARC21slim.xsd"
    xmlns="http://www.loc.gov/MARC21/slim">

  <leader>02809nam a2200445 i 4500</leader>
  <controlfield tag="003">DO-SdBNP</controlfield>
  <controlfield tag="005">20260522114734.0</controlfield>
  <controlfield tag="007">ta</controlfield>
  <controlfield tag="008">250403t2024    dr ao         001 ||spa d</controlfield>
  <datafield tag="020" ind1=" " ind2=" ">
    <subfield code="z">9789945629422</subfield>
  </datafield>
  <datafield tag="040" ind1=" " ind2=" ">
    <subfield code="a">DO-SdBNP</subfield>
    <subfield code="b">spa</subfield>
    <subfield code="c">BNPHU</subfield>
    <subfield code="e">rda</subfield>
  </datafield>
  <datafield tag="082" ind1=" " ind2=" ">
    <subfield code="a">792.028</subfield>
    <subfield code="b">H557</subfield>
    <subfield code="2">22</subfield>
  </datafield>
  <datafield tag="100" ind1="1" ind2=" ">
    <subfield code="a">Hern&#xE1;ndez, Edith</subfield>
    <subfield code="e">autora</subfield>
    <subfield code="4">aut.</subfield>
    <subfield code="9">59742</subfield>
  </datafield>
  <datafield tag="245" ind1="1" ind2="3">
    <subfield code="a">El trac en los artistas :</subfield>
    <subfield code="b">un estudio sobre el miedo al escenario /</subfield>
    <subfield code="c">Edith Hern&#xE1;ndez : pr&#xF3;logo, Leonor Elm&#xFA;desi de Bancalari : edici&#xF3;n, Jos&#xE9; Alc&#xE1;ntara Alm&#xE1;nzar, Elvis Francis Soto : ilustraciones de interior Fernely Lebr&#xF3;n ; fotograf&#xED;as de interior Rub&#xE9;n Dar&#xED;o Abud P&#xE9;rez, Luis Nova, Renato David Soto y Mikael Erwanig Pasco </subfield>
  </datafield>
  <datafield tag="250" ind1=" " ind2=" ">
    <subfield code="a">Primera edici&#xF3;n</subfield>
  </datafield>
  <datafield tag="264" ind1=" " ind2=" ">
    <subfield code="a">Santo Domingo :</subfield>
    <subfield code="b">Banco Central de la Rep&#xFA;blica Dominicana,</subfield>
    <subfield code="c">2024.</subfield>
  </datafield>
  <datafield tag="300" ind1=" " ind2=" ">
    <subfield code="a">273 p&#xE1;ginas</subfield>
    <subfield code="b">ilustraciones, fotograf&#xED;as a color</subfield>
    <subfield code="c">23 cm.</subfield>
  </datafield>
  <datafield tag="336" ind1=" " ind2=" ">
    <subfield code="a">texto</subfield>
    <subfield code="b">txt</subfield>
    <subfield code="2">rdacontent</subfield>
  </datafield>
  <datafield tag="337" ind1=" " ind2=" ">
    <subfield code="a">sin mediaci&#xF3;n</subfield>
    <subfield code="b">n</subfield>
    <subfield code="2">rdamedia</subfield>
  </datafield>
  <datafield tag="338" ind1=" " ind2=" ">
    <subfield code="a">volumen</subfield>
    <subfield code="b">nc</subfield>
    <subfield code="2">rdacarrier</subfield>
  </datafield>
  <datafield tag="490" ind1="1" ind2=" ">
    <subfield code="a">Colecci&#xF3;n del Banco Central de la Rep&#xFA;blica Dominicana,</subfield>
    <subfield code="v">312</subfield>
    <subfield code="a">Arte y literatura,</subfield>
    <subfield code="v">116</subfield>
  </datafield>
  <datafield tag="500" ind1=" " ind2=" ">
    <subfield code="a">Incluye datos biogr&#xE1;ficos de la autora en la solapa de la portada.</subfield>
  </datafield>
  <datafield tag="500" ind1=" " ind2=" ">
    <subfield code="a">Incluye &#xED;ndice onom&#xE1;stico. </subfield>
  </datafield>
  <datafield tag="504" ind1=" " ind2=" ">
    <subfield code="a">Bibliograf&#xED;a p: 250-253.</subfield>
  </datafield>
  <datafield tag="505" ind1=" " ind2=" ">
    <subfield code="t">Pr&#xF3;logo, --</subfield>
    <subfield code="t">P&#xF3;rtico, --</subfield>
    <subfield code="g">Cap&#xED;tulo I. --</subfield>
    <subfield code="t">Las ra&#xED;ces del arte, -- 
</subfield>
    <subfield code="g">Cap&#xED;tulo II. --</subfield>
    <subfield code="t">El TRAC o miedo al escenario en los artistas, --</subfield>
    <subfield code="g">Cap&#xED;tulo III. --</subfield>
    <subfield code="t">Fuentes documentales sobre el TRAC, --</subfield>
    <subfield code="g">Cap&#xED;tulo IV. --</subfield>
    <subfield code="t">Reflexiones sobre el miedo al escenario, --</subfield>
    <subfield code="g">Cap&#xED;tulo V. --</subfield>
    <subfield code="t">Aspectos de una tesis sobre el trac en los m&#xFA;sicos, --</subfield>
    <subfield code="g">Cap&#xED;tulo VI. --</subfield>
    <subfield code="t">Las presentaciones art&#xED;sticas y las teor&#xED;as sobre el miedo al escenario, --</subfield>
    <subfield code="g">Cap&#xED;tulo VII. --</subfield>
    <subfield code="t">El Trac seg&#xFA;n el instrumento y la especialidad musical, --</subfield>
    <subfield code="g">Cap&#xED;tulo VIII. --</subfield>
    <subfield code="t">Una propuesta de soluci&#xF3;n para el TRAC, --
</subfield>
    <subfield code="t">Ep&#xED;logo, --</subfield>
    <subfield code="t">Glosario, --</subfield>
    <subfield code="t">Agradecimientos, --</subfield>
    <subfield code="t">Bibliograf&#xED;a, --</subfield>
    <subfield code="t">&#xCD;ndice onom&#xE1;stico, --</subfield>
    <subfield code="t">Colecci&#xF3;n del Banco Central de la Rep&#xF9;blica Dominicana, /</subfield>
  </datafield>
  <datafield tag="590" ind1=" " ind2=" ">
    <subfield code="a">Inventariado, 2025/ YL</subfield>
  </datafield>
  <datafield tag="650" ind1=" " ind2="7">
    <subfield code="a">Miedo al p&#xFA;blico</subfield>
    <subfield code="9">87339</subfield>
  </datafield>
  <datafield tag="650" ind1=" " ind2="7">
    <subfield code="a">Actuaci&#xF3;n teatral</subfield>
    <subfield code="9">25438</subfield>
  </datafield>
  <datafield tag="650" ind1=" " ind2="0">
    <subfield code="a">Artistas</subfield>
    <subfield code="9">87340</subfield>
  </datafield>
  <datafield tag="700" ind1="1" ind2=" ">
    <subfield code="a">Elm&#xFA;desi de Bancalari, Leonor  </subfield>
    <subfield code="e">pr&#xF3;logo</subfield>
    <subfield code="4">prol.</subfield>
    <subfield code="9">87341</subfield>
  </datafield>
  <datafield tag="700" ind1="1" ind2=" ">
    <subfield code="a">Alc&#xE1;ntara Alm&#xE1;nzar, Jos&#xE9; </subfield>
    <subfield code="e">edici&#xF3;n</subfield>
    <subfield code="4">ed.</subfield>
    <subfield code="9">87139</subfield>
  </datafield>
  <datafield tag="700" ind1="1" ind2=" ">
    <subfield code="a">Soto, Elvis Francis</subfield>
    <subfield code="e">edici&#xF3;n</subfield>
    <subfield code="4">ed.</subfield>
    <subfield code="9">39156</subfield>
  </datafield>
  <datafield tag="700" ind1="1" ind2=" ">
    <subfield code="a">Lebr&#xF3;n, Fernely </subfield>
    <subfield code="e">ilustraciones de interior </subfield>
    <subfield code="4">il.</subfield>
    <subfield code="9">76520</subfield>
  </datafield>
  <datafield tag="700" ind1="1" ind2=" ">
    <subfield code="a">Abud P&#xE9;rez, Rub&#xE9;n Dar&#xED;o  </subfield>
    <subfield code="e">fotograf&#xED;as de interior </subfield>
    <subfield code="4">fot.</subfield>
    <subfield code="9">87342</subfield>
  </datafield>
  <datafield tag="700" ind1="1" ind2=" ">
    <subfield code="a">Nova, Luis </subfield>
    <subfield code="e">fotograf&#xED;as de interior</subfield>
    <subfield code="4">fot.</subfield>
    <subfield code="9">36995</subfield>
  </datafield>
  <datafield tag="700" ind1="1" ind2=" ">
    <subfield code="a">Soto,Renato David </subfield>
    <subfield code="e">fotograf&#xED;as de interior</subfield>
    <subfield code="4">fot.</subfield>
    <subfield code="9">87343</subfield>
  </datafield>
  <datafield tag="700" ind1="1" ind2=" ">
    <subfield code="a">Erwanig Pasco,  Mikael </subfield>
    <subfield code="e">fotograf&#xED;as de interior</subfield>
    <subfield code="4">fot.</subfield>
    <subfield code="9">87344</subfield>
  </datafield>
  <datafield tag="910" ind1=" " ind2=" ">
    <subfield code="a">YLockward</subfield>
  </datafield>
  <datafield tag="942" ind1=" " ind2=" ">
    <subfield code="2">ddc</subfield>
    <subfield code="c">LBS1</subfield>
  </datafield>
  <datafield tag="952" ind1=" " ind2=" ">
    <subfield code="0">0</subfield>
    <subfield code="1">0</subfield>
    <subfield code="2">ddc</subfield>
    <subfield code="5">1</subfield>
    <subfield code="7">0</subfield>
    <subfield code="8">PD</subfield>
    <subfield code="a">BNPHU</subfield>
    <subfield code="b">BNPHU</subfield>
    <subfield code="c">CT</subfield>
    <subfield code="d">2024-09-17</subfield>
    <subfield code="e">Dep&#xF3;sito Legal </subfield>
    <subfield code="l">0</subfield>
    <subfield code="o">BNPHU PD 792.028 H557</subfield>
    <subfield code="p">2025-2632</subfield>
    <subfield code="r">2025-04-04</subfield>
    <subfield code="w">2025-04-04</subfield>
    <subfield code="y">LBS1</subfield>
  </datafield>
  <datafield tag="952" ind1=" " ind2=" ">
    <subfield code="0">0</subfield>
    <subfield code="1">0</subfield>
    <subfield code="2">ddc</subfield>
    <subfield code="5">1</subfield>
    <subfield code="7">0</subfield>
    <subfield code="8">PD</subfield>
    <subfield code="a">BNPHU</subfield>
    <subfield code="b">BNPHU</subfield>
    <subfield code="c">CT</subfield>
    <subfield code="d">2024-09-17</subfield>
    <subfield code="e">Dep&#xF3;sito Legal </subfield>
    <subfield code="l">0</subfield>
    <subfield code="o">BNPHU PD 792.028 H557</subfield>
    <subfield code="p">2025-2634</subfield>
    <subfield code="r">2025-04-04</subfield>
    <subfield code="t">e. 2</subfield>
    <subfield code="w">2025-04-04</subfield>
    <subfield code="y">LBS1</subfield>
  </datafield>
  <datafield tag="952" ind1=" " ind2=" ">
    <subfield code="0">0</subfield>
    <subfield code="1">0</subfield>
    <subfield code="2">ddc</subfield>
    <subfield code="5">6</subfield>
    <subfield code="7">0</subfield>
    <subfield code="8">DS</subfield>
    <subfield code="a">BNPHU</subfield>
    <subfield code="b">BNPHU</subfield>
    <subfield code="c">CT</subfield>
    <subfield code="d">2024-09-17</subfield>
    <subfield code="e">Dep&#xF3;sito Legal </subfield>
    <subfield code="l">0</subfield>
    <subfield code="o">BNPHU DS 792.028 H557</subfield>
    <subfield code="p">2025-2635</subfield>
    <subfield code="r">2025-04-04</subfield>
    <subfield code="t">e. 3</subfield>
    <subfield code="w">2025-04-04</subfield>
    <subfield code="y">LBS1</subfield>
  </datafield>
  <datafield tag="999" ind1=" " ind2=" ">
    <subfield code="c">58612</subfield>
    <subfield code="d">58612</subfield>
  </datafield>
</record>
